Statistiques concernant Pays du monde contenant un F

Cliquez ici pour prendre le quiz!

Statistiques générales

  • Ce quiz a été pris 491 fois
  • Le résultat moyen est 5 sur 7

Statistiques - réponses

Pays% Correct
France
97%
Finlande
96%
Fidji
81%
Afghanistan
78%
Afrique du Sud
73%
République Centrafricaine
40%
Burkina Faso
38%

Distribution des résultats

Percentile par nombre de réponses

% des personnes avec chaque résultat

Votre développement - résultats

Vous n’avez pas pris ce quiz